[Event "Greek Team Championship"]
[Site "chess24.com"]
[Date "2017.07.06"]
[Round "5"]
[White "Karamanis, Ioannis-Marios"]
[Black "Pissadakis, Dimitrios"]
[Result "1/2-1/2"]
[Board "9"]
[WhiteElo "1536"]
[WhiteCountry "GRE"]
[WhiteFideId "4289501"]
[WhiteEloChange "7"]
[BlackElo "1853"]
[BlackCountry "GRE"]
[BlackFideId "4251768"]
[BlackEloChange "-7"]

1. e4 {[%clk 1:30:30]} c5 {[%clk 1:30:30]} 2. Nf3 {[%clk 1:30:30]} e6 {[%clk
1:30:30]} 3. d4 {[%clk 1:30:30]} cxd4 {[%clk 1:30:30]} 4. Nxd4 {[%clk 1:30:30]}
a6 {[%clk 1:30:30]} 5. Nc3 {[%clk 1:30:30]} Qc7 {[%clk 1:30:30]} 6. Bd3 {[%clk
1:30:30]} Nf6 {[%clk 1:30:30]} 7. O-O {[%clk 1:30:30]} b5 {[%clk 1:30:30]} 8. Qe2
{[%clk 1:30:30]} d6 {[%clk 1:30:30]} 9. Bd2 {[%clk 1:30:30]} Nbd7 {[%clk
1:30:30]} 10. Nb3 {[%clk 1:30:30]} Bb7 {[%clk 1:30:30]} 11. f4 {[%clk 1:30:30]}
e5 {[%clk 1:30:30]} 12. f5 {[%clk 1:30:30]} d5 {[%clk 1:30:30]} 13. Kh1 {[%clk
1:30:30]} Bd6 {[%clk 1:30:30]} 14. exd5 {[%clk 1:30:30]} Nxd5 {[%clk 1:30:30]}
15. Ne4 {[%clk 1:30:30]} N5f6 {[%clk 1:30:30]} 16. a3 {[%clk 1:30:30]} Nxe4
{[%clk 1:30:30]} 17. Bxe4 {[%clk 1:30:30]} Bxe4 {[%clk 1:30:30]} 18. Qxe4 {[%clk
1:30:30]} Rc8 {[%clk 1:30:30]} 19. Bc3 {[%clk 1:30:30]} Nf6 {[%clk 1:30:30]} 20.
Qh4 {[%clk 1:30:30]} O-O {[%clk 1:30:30]} 21. Rae1 {[%clk 1:30:30]} Qc4 {[%clk
1:30:30]} 22. Qxc4 {[%clk 1:30:30]} Rxc4 {[%clk 1:30:30]} 23. Nd2 {[%clk
1:30:30]} Rcc8 {[%clk 1:30:30]} 24. Nf3 {[%clk 1:30:30]} Nd7 {[%clk 1:30:30]} 25.
Rd1 {[%clk 1:30:30]} Rc6 {[%clk 1:30:30]} 26. Rfe1 {[%clk 1:30:30]} f6 {[%clk
1:30:30]} 27. Re2 {[%clk 1:30:30]} Nb6 {[%clk 1:30:30]} 28. Nd2 {[%clk 1:30:30]}
Na4 {[%clk 1:30:30]} 29. Ne4 {[%clk 1:30:30]} Nxc3 {[%clk 1:30:30]} 30. Nxc3
{[%clk 1:30:30]} Bxa3 {[%clk 1:30:30]} 31. Nd5 {[%clk 1:30:30]} Bd6 {[%clk
1:30:30]} 32. c3 {[%clk 1:30:30]} g6 {[%clk 1:30:30]} 33. g4 {[%clk 1:30:30]} Kg7
{[%clk 1:30:30]} 34. Red2 {[%clk 1:30:30]} Rf7 {[%clk 1:30:30]} 35. Kg2 {[%clk
1:30:30]} Bf8 {[%clk 1:30:30]} 36. Ne3 {[%clk 1:30:30]} a5 {[%clk 1:30:30]} 37.
Rd5 {[%clk 1:30:30]} Rc5 {[%clk 1:30:30]} 38. Rd7 {[%clk 1:30:30]} Rc7 {[%clk
1:30:30]} 39. Rxc7 {[%clk 1:30:30]} Rxc7 {[%clk 1:30:30]} 40. Rd8 {[%clk
1:30:30]} a4 {[%clk 1:30:30]} 41. Nd5 {[%clk 1:30:30]} Rc6 {[%clk 1:30:30]} 42.
Rb8 {[%clk 1:30:30]} gxf5 {[%clk 1:30:30]} 43. gxf5 {[%clk 1:30:30]} b4 {[%clk
1:30:30]} 44. Nxb4 {[%clk 1:30:30]} Bxb4 {[%clk 1:30:30]} 45. Rxb4 {[%clk
1:30:30]} a3 {[%clk 1:30:30]} 46. bxa3 {[%clk 1:30:30]} Rxc3 {[%clk 1:30:30]} 47.
a4 {[%clk 1:30:30]} Kh6 {[%clk 1:30:30]} 48. Rg4 {[%clk 1:30:30]} Kh5 {[%clk
1:30:30]} 49. h3 {[%clk 1:30:30]} Rd3 {[%clk 1:30:30]} 50. Kh2 {[%clk 1:30:30]}
Rf3 {[%clk 1:30:30]} 51. Kg2 {[%clk 1:30:30]} Rxf5 {[%clk 1:30:30]} 52. a5 {[%clk
1:30:30]} e4 {[%clk 1:30:30]} 53. Rxe4 {[%clk 1:30:30]} Rxa5 {[%clk 1:30:30]} 54.
Rb4 {[%clk 1:30:30]} Kg5 {[%clk 1:30:30]} 55. Kg3 {[%clk 1:30:30]} Ra3+ {[%clk
1:30:30]} 56. Kg2 {[%clk 1:30:30]} Re3 {[%clk 1:30:30]} 57. Rg4+ {[%clk 1:30:30]}
Kf5 {[%clk 1:30:30]} 58. Rh4 {[%clk 1:30:30]} Kg6 {[%clk 1:30:30]} 59. Rg4+
{[%clk 1:30:30]} Kf5 {[%clk 1:30:30]} 60. Rh4 {[%clk 1:30:30]} Re7 {[%clk
1:30:30]} 61. Kf3 {[%clk 1:30:30]} Ra7 {[%clk 1:30:30]} 62. Rf4+ {[%clk 1:30:30]}
Ke5 {[%clk 1:30:30]} 63. Re4+ {[%clk 1:30:30]} Kd5 {[%clk 1:30:30]} 64. Rf4
{[%clk 1:30:30]} Ra3+ {[%clk 1:30:30]} 65. Kg2 {[%clk 1:30:30]} Ke5 {[%clk
1:30:30]} 66. Rh4 {[%clk 1:30:30]} Ra7 {[%clk 1:30:30]} 67. Kf3 {[%clk 1:30:30]}
f5 {[%clk 1:30:30]} 68. Rb4 {[%clk 1:30:30]} Ra3+ {[%clk 1:30:30]} 69. Kg2 {[%clk
1:30:30]} Rd3 {[%clk 1:30:30]} 70. Rh4 {[%clk 1:30:30]} Rd7 {[%clk 1:30:30]} 71.
Kf3 {[%clk 1:30:30]} Kf6 {[%clk 1:30:30]} 72. Rb4 {[%clk 1:30:30]} Rd3+ {[%clk
1:30:30]} 73. Kg2 {[%clk 1:30:30]} h5 {[%clk 1:30:30]} 74. Rb8 {[%clk 1:30:30]}
h4 {[%clk 1:30:30]} 75. Rb4 {[%clk 1:30:30]} Kg5 {[%clk 1:30:30]} 76. Ra4 {[%clk
1:30:30]} Re3 {[%clk 1:30:30]} 77. Rb4 {[%clk 1:30:30]} Re4 {[%clk 1:30:30]} 78.
Rb3 {[%clk 1:30:30]} Re2+ {[%clk 1:30:30]} 79. Kg1 {[%clk 1:30:30]} Kf4 {[%clk
1:30:30]} 80. Rb8 {[%clk 1:30:30]} Kf3 {[%clk 1:30:30]} 81. Rg8 {[%clk 1:30:30]}
f4 {[%clk 1:30:30]} 82. Rg7 {[%clk 1:30:30]} Re1+ {[%clk 1:30:30]} 83. Kh2 {[%clk
1:30:30]} Re3 {[%clk 1:30:30]} 84. Rg4 {[%clk 1:30:30]} Re2+ {[%clk 1:30:30]} 85.
Kg1 {[%clk 1:30:30]} Ke3 {[%clk 1:30:30]} 86. Kf1 {[%clk 1:30:30]} Rf2+ {[%clk
1:30:30]} 87. Kg1 {[%clk 1:30:30]} Rc2 {[%clk 1:30:30]} 88. Rxh4 {[%clk 1:30:30]}
f3 {[%clk 1:30:30]} 89. Rh8 {[%clk 1:30:30]} f2+ {[%clk 1:30:30]} 90. Kg2 {[%clk
1:30:30]} Kf4 {[%clk 1:30:30]} 91. Rf8+ {[%clk 1:30:30]} Kg5 {[%clk 1:30:30]} 92.
Rxf2 {[%clk 1:30:30]} 1/2-1/2

[Event "Greek Team Championship"]
[Site "chess24.com"]
[Date "2017.07.06"]
[Round "5"]
[White "Kanteraki, Maria-Myrto"]
[Black "Pechlivanidis, Michail"]
[Result "1-0"]
[Board "10"]
[WhiteElo "1375"]
[WhiteCountry "GRE"]
[WhiteFideId "25818023"]
[WhiteEloChange "4"]
[BlackElo "1119"]
[BlackCountry "GRE"]
[BlackFideId "25837109"]
[BlackEloChange "-4"]

1. e4 {[%clk 1:30:56]} e5 {[%clk 1:30:56]} 2. Nf3 {[%clk 1:31:17]} Nf6 {[%clk
1:31:21]} 3. Nxe5 {[%clk 1:31:40]} d6 {[%clk 1:31:42]} 4. Nf3 {[%clk 1:32:04]}
Nxe4 {[%clk 1:32:06]} 5. Nc3 {[%clk 1:32:28]} Nxc3 {[%clk 1:32:30]} 6. dxc3
{[%clk 1:32:49]} Be7 {[%clk 1:32:33]} 7. Be3 {[%clk 1:33:07]} Nc6 {[%clk
1:32:51]} 8. Bb5 {[%clk 1:32:09]} Bd7 {[%clk 1:32:18]} 9. Qd2 {[%clk 1:30:59]} a6
{[%clk 1:31:57]} 10. Bd3 {[%clk 1:31:10]} Be6 {[%clk 1:31:32]} 11. O-O-O {[%clk
1:28:04]} Qd7 {[%clk 1:31:55]} 12. Kb1 {[%clk 1:25:26]} O-O-O {[%clk 1:32:04]}
13. Nd4 {[%clk 1:24:06]} Bf6 {[%clk 1:32:04]} 14. Qe2 {[%clk 1:22:38]} Nxd4
{[%clk 1:16:52]} 15. cxd4 {[%clk 1:21:36]} Qc6 {[%clk 1:14:50]} 16. f3 {[%clk
1:19:04]} Rde8 {[%clk 1:01:40]} 17. Qd2 {[%clk 1:13:08]} Qa4 {[%clk 0:35:19]} 18.
b3 {[%clk 1:10:59]} Qc6 {[%clk 0:30:21]} 19. c4 {[%clk 1:10:15]} Qd7 {[%clk
0:25:08]} 20. Qc2 {[%clk 1:04:58]} Bxc4 {[%clk 0:20:01]} 21. bxc4 {[%clk
1:05:06]} Rxe3 {[%clk 0:18:47]} 22. Bf5 {[%clk 1:05:05]} Re6 {[%clk 0:19:08]} 23.
d5 {[%clk 1:04:10]} g6 {[%clk 0:17:07]} 24. dxe6 {[%clk 1:04:15]} fxe6 {[%clk
0:17:23]} 25. Be4 {[%clk 1:04:17]} Qe8 {[%clk 0:16:33]} 26. Qb3 {[%clk 1:03:47]}
b6 {[%clk 0:16:31]} 27. a4 {[%clk 1:03:08]} a5 {[%clk 0:16:51]} 28. Qb5 {[%clk
1:02:41]} Qxb5+ {[%clk 0:13:53]} 29. axb5 {[%clk 1:02:37]} Rd8 {[%clk 0:12:20]}
30. Bc6 {[%clk 1:02:07]} Bc3 {[%clk 0:10:36]} 31. h4 {[%clk 1:01:56]} Bb4 {[%clk
0:10:17]} 32. h5 {[%clk 1:01:42]} e5 {[%clk 0:09:31]} 33. hxg6 {[%clk 1:01:53]}
hxg6 {[%clk 0:09:38]} 34. Rh6 {[%clk 1:02:12]} Rg8 {[%clk 0:10:00]} 35. Rdh1
{[%clk 1:02:26]} Kd8 {[%clk 0:09:33]} 36. Rh8 {[%clk 1:02:52]} Rxh8 {[%clk
0:09:44]} 37. Rxh8+ {[%clk 1:03:18]} Ke7 {[%clk 0:10:05]} 38. Rh7+ {[%clk
1:03:27]} 1-0

[Event "Greek Team Championship"]
[Site "chess24.com"]
[Date "2017.07.06"]
[Round "5"]
[White "Georgakopoulos, Nikolaos"]
[Black "Nikolaidis, Konstantinos"]
[Result "1/2-1/2"]
[Board "1"]
[WhiteElo "2332"]
[WhiteCountry "GRE"]
[WhiteFideId "4210891"]
[WhiteEloChange "-3"]
[BlackElo "2229"]
[BlackTitle "FM"]
[BlackCountry "GRE"]
[BlackFideId "4200578"]
[BlackEloChange "3"]

1. e4 {[%clk 1:27:37]} g6 {[%clk 1:29:34]} 2. d4 {[%clk 1:27:41]} Bg7 {[%clk
1:29:56]} 3. Nc3 {[%clk 1:18:50]} c6 {[%clk 1:29:37]} 4. f4 {[%clk 1:10:32]} d5
{[%clk 1:28:34]} 5. e5 {[%clk 1:10:58]} Nh6 {[%clk 1:28:49]} 6. b3 {[%clk
1:06:42]} f6 {[%clk 1:26:19]} 7. Bb2 {[%clk 1:06:14]} O-O {[%clk 1:24:58]} 8. Qd2
{[%clk 1:06:38]} fxe5 {[%clk 1:19:50]} 9. dxe5 {[%clk 1:06:28]} Nd7 {[%clk
1:15:05]} 10. O-O-O {[%clk 1:01:40]} Nc5 {[%clk 1:10:25]} 11. Nf3 {[%clk
0:50:39]} Bg4 {[%clk 1:02:44]} 12. Be2 {[%clk 0:50:12]} Ne6 {[%clk 0:53:52]} 13.
g3 {[%clk 0:40:58]} Bh3 {[%clk 0:47:03]} 14. Bf1 {[%clk 0:37:06]} Bg4 {[%clk
0:42:28]} 15. Be2 {[%clk 0:37:31]} Bh3 {[%clk 0:42:26]} 16. Rhe1 {[%clk 0:34:53]}
Bg4 {[%clk 0:39:31]} 17. Ng5 {[%clk 0:28:30]} Bf5 {[%clk 0:33:20]} 18. h4 {[%clk
0:26:46]} Qb6 {[%clk 0:29:22]} 19. Bd3 {[%clk 0:22:10]} Nxg5 {[%clk 0:23:20]} 20.
hxg5 {[%clk 0:22:03]} Ng4 {[%clk 0:22:57]} 21. Re2 {[%clk 0:18:41]} e6 {[%clk
0:16:38]} 22. Na4 {[%clk 0:18:37]} Qd8 {[%clk 0:14:15]} 23. Bxf5 {[%clk 0:18:02]}
gxf5 {[%clk 0:13:18]} 24. Nc5 {[%clk 0:15:50]} Qe7 {[%clk 0:12:33]} 25. Nd3
{[%clk 0:16:12]} a5 {[%clk 0:07:02]} 26. Nf2 {[%clk 0:16:03]} Nxf2 {[%clk
0:06:54]} 27. Rxf2 {[%clk 0:16:28]} a4 {[%clk 0:06:48]} 28. b4 {[%clk 0:10:39]}
c5 {[%clk 0:06:07]} 29. a3 {[%clk 0:09:06]} cxb4 {[%clk 0:04:45]} 30. Qxb4 {[%clk
0:08:48]} Qxb4 {[%clk 0:02:34]} 31. axb4 {[%clk 0:09:16]} a3 {[%clk 0:02:16]} 32.
Bd4 {[%clk 0:09:33]} Rfc8 {[%clk 0:02:20]} 33. Kb1 {[%clk 0:09:11]} h6 {[%clk
0:01:43]} 34. gxh6 {[%clk 0:08:02]} Bxh6 {[%clk 0:02:10]} 35. Ka2 {[%clk
0:08:06]} Bf8 {[%clk 0:01:51]} 36. c3 {[%clk 0:08:18]} Rc7 {[%clk 0:01:56]} 37.
Rh2 {[%clk 0:06:52]} Rg7 {[%clk 0:01:48]} 38. Rh3 {[%clk 0:06:57]} Rh7 {[%clk
0:00:40]} 39. Rdh1 {[%clk 0:06:11]} Rxh3 {[%clk 0:01:04]} 40. Rxh3 {[%clk
0:36:37]} Kg7 {[%clk 0:30:47]} 41. Rh1 {[%clk 0:22:11]} Be7 {[%clk 0:27:07]} 42.
Rb1 {[%clk 0:20:11]} Kf7 {[%clk 0:21:57]} 43. Rc1 {[%clk 0:07:23]} b5 {[%clk
0:18:05]} 44. Rb1 {[%clk 0:06:53]} Kg6 {[%clk 0:15:47]} 45. Rh1 {[%clk 0:04:15]}
Kg7 {[%clk 0:14:37]} 46. Rg1 {[%clk 0:03:56]} Kf7 {[%clk 0:12:12]} 47. Rh1 {[%clk
0:01:31]} Kg7 {[%clk 0:12:39]} 48. Rh3 {[%clk 0:01:23]} Ra6 {[%clk 0:08:29]} 49.
Rh1 {[%clk 0:01:29]} Ra8 {[%clk 0:08:55]} 50. Rb1 {[%clk 0:01:52]} Kg6 {[%clk
0:07:07]} 51. Rh1 {[%clk 0:00:44]} 1/2-1/2

[Event "Greek Team Championship"]
[Site "chess24.com"]
[Date "2017.07.06"]
[Round "5"]
[White "Giannoutsos, Panagiotis"]
[Black "Kanellopoulos, Panayotis"]
[Result "0-1"]
[Board "2"]
[WhiteElo "1717"]
[WhiteCountry "GRE"]
[WhiteFideId "4213718"]
[WhiteEloChange "-2"]
[BlackElo "2208"]
[BlackCountry "GRE"]
[BlackFideId "4205928"]
[BlackEloChange "2"]

1. e4 {[%clk 1:30:30]} c5 {[%clk 1:30:30]} 2. Nf3 {[%clk 1:30:30]} d6 {[%clk
1:30:30]} 3. d4 {[%clk 1:30:30]} cxd4 {[%clk 1:30:30]} 4. Nxd4 {[%clk 1:30:30]}
Nf6 {[%clk 1:30:30]} 5. Nc3 {[%clk 1:30:30]} a6 {[%clk 1:30:30]} 6. Be2 {[%clk
1:30:30]} e5 {[%clk 1:30:30]} 7. Nb3 {[%clk 1:30:30]} Be7 {[%clk 1:30:30]} 8. O-O
{[%clk 1:30:30]} O-O {[%clk 1:30:30]} 9. Be3 {[%clk 1:30:30]} Be6 {[%clk
1:30:30]} 10. Qd2 {[%clk 1:30:30]} Nbd7 {[%clk 1:30:30]} 11. a4 {[%clk 1:30:30]}
Rc8 {[%clk 1:30:30]} 12. a5 {[%clk 1:30:30]} Qc7 {[%clk 1:30:30]} 13. Rfd1 {[%clk
1:30:30]} Rfd8 {[%clk 1:30:30]} 14. Rac1 {[%clk 1:30:30]} Bxb3 {[%clk 1:30:30]}
15. cxb3 {[%clk 1:30:30]} Qxa5 {[%clk 1:30:30]} 16. Ra1 {[%clk 1:30:30]} Qc7
{[%clk 1:30:30]} 17. Rdc1 {[%clk 1:30:30]} Nc5 {[%clk 1:30:30]} 18. Qc2 {[%clk
1:30:30]} Ncxe4 {[%clk 1:30:30]} 19. Bd3 {[%clk 1:30:30]} Nxc3 {[%clk 1:30:30]}
20. bxc3 {[%clk 1:30:30]} d5 {[%clk 1:30:30]} 21. Bf5 {[%clk 1:30:30]} Ra8 {[%clk
1:30:30]} 22. Bg5 {[%clk 1:30:30]} g6 {[%clk 1:30:30]} 23. Bh3 {[%clk 1:30:30]}
Ne4 {[%clk 1:30:30]} 24. Bxe7 {[%clk 1:30:30]} Qxe7 {[%clk 1:30:30]} 25. g3
{[%clk 1:30:30]} Ng5 {[%clk 1:30:30]} 26. Bg2 {[%clk 1:30:30]} Rac8 {[%clk
1:30:30]} 27. Qd2 {[%clk 1:30:30]} e4 {[%clk 1:30:30]} 28. Qe3 {[%clk 1:30:30]}
f5 {[%clk 1:30:30]} 29. Rd1 {[%clk 1:30:30]} Ne6 {[%clk 1:30:30]} 30. Rac1 {[%clk
1:30:30]} Kg7 {[%clk 1:30:30]} 31. Bf1 {[%clk 1:30:30]} Qc5 {[%clk 1:30:30]} 32.
Qd2 {[%clk 1:30:30]} Qe7 {[%clk 1:30:30]} 33. Qe3 {[%clk 1:30:30]} Rc6 {[%clk
1:30:30]} 34. b4 {[%clk 1:30:30]} b5 {[%clk 1:30:30]} 35. Rc2 {[%clk 1:30:30]} d4
{[%clk 1:30:30]} 36. Qc1 {[%clk 1:30:30]} d3 {[%clk 1:30:30]} 37. Rcd2 {[%clk
1:30:30]} Qf6 {[%clk 1:30:30]} 38. Bxd3 {[%clk 1:30:30]} exd3 {[%clk 1:30:30]}
39. Rxd3 {[%clk 1:30:30]} Rxd3 {[%clk 1:30:30]} 40. Rxd3 {[%clk 1:30:30]} Nf8
{[%clk 1:30:30]} 41. Qe3 {[%clk 1:30:30]} Kg8 {[%clk 1:30:30]} 42. Qf3 {[%clk
1:30:30]} Rd6 {[%clk 1:30:30]} 43. Re3 {[%clk 1:30:30]} Qd8 {[%clk 1:30:30]} 44.
h4 {[%clk 1:30:30]} Rd1+ {[%clk 1:30:30]} 0-1

[Event "Greek Team Championship"]
[Site "chess24.com"]
[Date "2017.07.06"]
[Round "5"]
[White "Kokkalis, Vasilios"]
[Black "Anestis, Ioannis"]
[Result "1-0"]
[Board "3"]
[WhiteElo "2129"]
[WhiteCountry "GRE"]
[WhiteFideId "4205901"]
[WhiteEloChange "2"]
[BlackElo "1651"]
[BlackCountry "GRE"]
[BlackFideId "4256140"]
[BlackEloChange "-2"]

1. d4 {[%clk 1:30:56]} d5 {[%clk 1:30:45]} 2. c4 {[%clk 1:31:19]} e6 {[%clk
1:31:10]} 3. Nc3 {[%clk 1:31:44]} Nf6 {[%clk 1:31:17]} 4. Bg5 {[%clk 1:31:01]}
Be7 {[%clk 1:31:32]} 5. Nf3 {[%clk 1:31:10]} O-O {[%clk 1:31:29]} 6. e3 {[%clk
1:30:27]} b6 {[%clk 1:29:35]} 7. cxd5 {[%clk 1:30:14]} exd5 {[%clk 1:29:34]} 8.
Bd3 {[%clk 1:29:28]} Bb7 {[%clk 1:28:56]} 9. O-O {[%clk 1:29:32]} Re8 {[%clk
1:28:52]} 10. Rc1 {[%clk 1:27:20]} Ne4 {[%clk 1:24:10]} 11. Bf4 {[%clk 1:21:08]}
Nxc3 {[%clk 1:22:59]} 12. Rxc3 {[%clk 1:21:22]} Bd6 {[%clk 1:22:36]} 13. Bxd6
{[%clk 1:19:08]} Qxd6 {[%clk 1:22:56]} 14. Qc2 {[%clk 1:18:51]} Ba6 {[%clk
1:22:27]} 15. Bxh7+ {[%clk 1:18:21]} Kf8 {[%clk 1:19:45]} 16. Bd3 {[%clk
1:18:07]} Bxd3 {[%clk 1:19:26]} 17. Qxd3 {[%clk 1:18:20]} Nd7 {[%clk 1:19:20]}
18. Rfc1 {[%clk 1:17:44]} c5 {[%clk 1:19:35]} 19. dxc5 {[%clk 1:17:53]} Nxc5
{[%clk 1:18:44]} 20. Qh7 {[%clk 1:17:10]} Qf6 {[%clk 1:13:01]} 21. Qh8+ {[%clk
1:05:20]} Ke7 {[%clk 1:13:13]} 22. Qh5 {[%clk 1:05:43]} Rad8 {[%clk 1:08:45]} 23.
b4 {[%clk 1:01:55]} g6 {[%clk 1:06:08]} 24. Qe5+ {[%clk 1:01:30]} Qxe5 {[%clk
1:04:04]} 25. Nxe5 {[%clk 1:01:58]} Ne4 {[%clk 1:04:05]} 26. Rc7+ {[%clk
1:01:55]} Ke6 {[%clk 1:01:56]} 27. Nxf7 {[%clk 0:54:23]} Rd7 {[%clk 0:57:43]} 28.
Rxd7 {[%clk 0:54:41]} Kxd7 {[%clk 0:58:03]} 29. f3 {[%clk 0:52:53]} Nf6 {[%clk
0:52:02]} 30. Kf2 {[%clk 0:52:28]} Re7 {[%clk 0:51:56]} 31. Ng5 {[%clk 0:51:55]}
Ne8 {[%clk 0:52:03]} 32. h4 {[%clk 0:45:27]} Nd6 {[%clk 0:52:17]} 33. g4 {[%clk
0:45:23]} Nc4 {[%clk 0:49:27]} 34. e4 {[%clk 0:41:37]} b5 {[%clk 0:49:08]} 35.
Rd1 {[%clk 0:40:33]} Nb6 {[%clk 0:47:23]} 36. exd5 {[%clk 0:39:10]} Nc4 {[%clk
0:47:04]} 37. Ne4 {[%clk 0:38:49]} Rf7 {[%clk 0:47:02]} 38. d6 {[%clk 0:35:32]}
Rf8 {[%clk 0:46:42]} 39. Nc5+ {[%clk 0:35:54]} 1-0

[Event "Greek Team Championship"]
[Site "chess24.com"]
[Date "2017.07.06"]
[Round "5"]
[White "Vasileiou, Ioannis"]
[Black "Kolomvas, Ioannis"]
[Result "1-0"]
[Board "4"]
[WhiteElo "1639"]
[WhiteCountry "GRE"]
[WhiteFideId "4256344"]
[WhiteEloChange "18"]
[BlackElo "1988"]
[BlackCountry "GRE"]
[BlackFideId "4219589"]
[BlackEloChange "-18"]

1. d4 {[%clk 1:30:30]} Nf6 {[%clk 1:30:30]} 2. c4 {[%clk 1:30:30]} c5 {[%clk
1:30:30]} 3. e3 {[%clk 1:30:30]} g6 {[%clk 1:30:30]} 4. Nc3 {[%clk 1:30:30]} Bg7
{[%clk 1:30:30]} 5. Nf3 {[%clk 1:30:30]} O-O {[%clk 1:30:30]} 6. g3 {[%clk
1:30:30]} d5 {[%clk 1:30:30]} 7. b3 {[%clk 1:30:30]} Nc6 {[%clk 1:30:30]} 8. Bg2
{[%clk 1:30:30]} Bg4 {[%clk 1:30:30]} 9. Ne2 {[%clk 1:30:30]} Qb6 {[%clk
1:30:30]} 10. O-O {[%clk 1:30:30]} Rfd8 {[%clk 1:30:30]} 11. cxd5 {[%clk
1:30:30]} Nxd5 {[%clk 1:30:30]} 12. e4 {[%clk 1:30:30]} Bxf3 {[%clk 1:30:30]} 13.
Bxf3 {[%clk 1:30:30]} Nxd4 {[%clk 1:30:30]} 14. Nxd4 {[%clk 1:30:30]} Bxd4 {[%clk
1:30:30]} 15. exd5 {[%clk 1:30:30]} Bxa1 {[%clk 1:30:30]} 16. Qe2 {[%clk
1:30:30]} Re8 {[%clk 1:30:30]} 17. Bf4 {[%clk 1:30:30]} Bd4 {[%clk 1:30:30]} 18.
Kg2 {[%clk 1:30:30]} Rad8 {[%clk 1:30:30]} 19. h4 {[%clk 1:30:30]} e6 {[%clk
1:30:30]} 20. d6 {[%clk 1:30:30]} e5 {[%clk 1:30:30]} 21. Bg5 {[%clk 1:30:30]}
Rxd6 {[%clk 1:30:30]} 22. Qe4 {[%clk 1:30:30]} Rd7 {[%clk 1:30:30]} 23. h5 {[%clk
1:30:30]} f5 {[%clk 1:30:30]} 24. Qh4 {[%clk 1:30:30]} e4 {[%clk 1:30:30]} 25.
Be2 {[%clk 1:30:30]} Rf8 {[%clk 1:30:30]} 26. Rd1 {[%clk 1:30:30]} Rg7 {[%clk
1:30:30]} 27. Bh6 {[%clk 1:30:30]} Bf6 {[%clk 1:30:30]} 28. Bc4+ {[%clk 1:30:30]}
Kh8 {[%clk 1:30:30]} 29. Bxg7+ {[%clk 1:30:30]} Kxg7 {[%clk 1:30:30]} 30. Rd7+
{[%clk 1:30:30]} Kh8 {[%clk 1:30:30]} 31. hxg6 {[%clk 1:30:30]} 1-0

[Event "Greek Team Championship"]
[Site "chess24.com"]
[Date "2017.07.06"]
[Round "5"]
[White "Toumbeli, Zoi"]
[Black "Juhasz, Barbara"]
[Result "1/2-1/2"]
[Board "5"]
[WhiteElo "1863"]
[WhiteCountry "GRE"]
[WhiteFideId "4208803"]
[WhiteEloChange "8"]
[BlackElo "2214"]
[BlackTitle "WFM"]
[BlackCountry "HUN"]
[BlackFideId "743585"]
[BlackEloChange "-8"]

1. d4 {[%clk 1:30:38]} Nf6 {[%clk 1:30:49]} 2. Nf3 {[%clk 1:30:35]} g6 {[%clk
1:31:05]} 3. Bg5 {[%clk 1:30:18]} Bg7 {[%clk 1:31:24]} 4. c3 {[%clk 1:30:35]} O-O
{[%clk 1:31:30]} 5. Nbd2 {[%clk 1:30:50]} d6 {[%clk 1:31:44]} 6. e3 {[%clk
1:29:37]} c5 {[%clk 1:31:48]} 7. Be2 {[%clk 1:29:11]} b6 {[%clk 1:31:07]} 8. O-O
{[%clk 1:29:17]} Bb7 {[%clk 1:31:11]} 9. b4 {[%clk 1:27:14]} Nbd7 {[%clk
1:30:16]} 10. a4 {[%clk 1:22:30]} h6 {[%clk 1:28:45]} 11. Bh4 {[%clk 1:18:47]} g5
{[%clk 1:28:46]} 12. Bg3 {[%clk 1:18:53]} Nh5 {[%clk 1:29:05]} 13. a5 {[%clk
1:07:25]} Nxg3 {[%clk 1:29:07]} 14. hxg3 {[%clk 1:07:38]} cxb4 {[%clk 1:28:06]}
15. cxb4 {[%clk 1:07:26]} Rc8 {[%clk 1:28:12]} 16. a6 {[%clk 1:00:14]} Ba8 {[%clk
1:28:24]} 17. Rc1 {[%clk 0:59:24]} Nf6 {[%clk 1:12:28]} 18. Rxc8 {[%clk 0:41:03]}
Qxc8 {[%clk 1:12:53]} 19. Qa1 {[%clk 0:41:25]} Qd7 {[%clk 0:57:17]} 20. Rc1
{[%clk 0:37:02]} Rc8 {[%clk 0:57:29]} 21. b5 {[%clk 0:36:00]} Rc7 {[%clk
0:43:42]} 22. Nb3 {[%clk 0:24:30]} Ne4 {[%clk 0:35:51]} 23. Nfd2 {[%clk 0:24:08]}
Nxd2 {[%clk 0:27:38]} 24. Nxd2 {[%clk 0:24:29]} e5 {[%clk 0:27:58]} 25. Rxc7
{[%clk 0:21:13]} Qxc7 {[%clk 0:28:23]} 26. dxe5 {[%clk 0:21:38]} Bxe5 {[%clk
0:17:50]} 27. Qd1 {[%clk 0:21:25]} Bd5 {[%clk 0:15:51]} 28. Nf3 {[%clk 0:19:46]}
Qc5 {[%clk 0:12:55]} 29. Nxe5 {[%clk 0:18:37]} dxe5 {[%clk 0:13:21]} 30. Qd3
{[%clk 0:18:23]} e4 {[%clk 0:11:37]} 31. Qd1 {[%clk 0:13:01]} f6 {[%clk 0:11:01]}
32. g4 {[%clk 0:10:07]} Kf7 {[%clk 0:11:17]} 33. Qd2 {[%clk 0:06:31]} Ke7 {[%clk
0:11:39]} 34. f3 {[%clk 0:06:14]} Bc4 {[%clk 0:07:42]} 35. Bxc4 {[%clk 0:06:42]}
Qxc4 {[%clk 0:08:09]} 36. Qb2 {[%clk 0:06:48]} Ke6 {[%clk 0:06:33]} 37. Kf2
{[%clk 0:07:01]} exf3 {[%clk 0:03:45]} 38. gxf3 {[%clk 0:07:25]} Qc5 {[%clk
0:04:00]} 39. Qb3+ {[%clk 0:07:15]} Qd5 {[%clk 0:04:16]} 40. Qb2 {[%clk 0:36:58]}
Qe5 {[%clk 0:34:11]} 41. Qb3+ {[%clk 0:36:35]} Qd5 {[%clk 0:24:27]} 42. Qb4
{[%clk 0:32:33]} Qa2+ {[%clk 0:20:06]} 43. Kg3 {[%clk 0:32:48]} Qd5 {[%clk
0:18:30]} 44. Kf2 {[%clk 0:32:48]} Qa2+ {[%clk 0:13:04]} 1/2-1/2